Las brujas
Gardado en:
| Autor Principal: | |
|---|---|
| Formato: | Libro |
| Idioma: | Lingua castelá |
| Publicado: |
Santiago
Alfaguara
1996
|
| Edición: | 1a. ed |
| Series: | Infantil
|
| Subjects: | |
| Tags: |
Engadir etiqueta
Sen Etiquetas, Sexa o primeiro en etiquetar este rexistro!
|
MARC
| LEADER | 00000nam a2200000 a 4500 | ||
|---|---|---|---|
| 001 | UCH8443 | ||
| 003 | CL-VaPUC | ||
| 008 | 091127e19960000CL |||||||||||||||||spa|d | ||
| 020 | |a 9505112327 | ||
| 082 | 0 | 4 | |a 823 |b DAH |2 21 |
| 100 | 0 | |a Dahl, Roald |e author |9 235 | |
| 245 | 1 | 4 | |a Las brujas |
| 250 | |a 1a. ed | ||
| 300 | |a 200 p | ||
| 942 | |c BK | ||
| 945 | |d 20091127 00:00:00 | ||
| 260 | |a Santiago |b Alfaguara |c 1996 | ||
| 500 | |a Desde 10 años | ||
| 650 | 0 | |a Literatura infantil |9 307465 | |
| 650 | 0 | |a Novelas inglesas |9 265220 | |
| 650 | 7 | |a NOVELAS DE MISTERIO |2 CL-VaPUC |9 485468 | |
| 583 | |a last modification |c 20091127 00:00:00 |k Rodrigo Vera | ||
| 490 | 0 | |a Infantil | |
| 999 | |c 338655 |d 338653 | ||